[Event "Millenium"]
[Site "Quebec CAN"]
[Date "2002.12.09"]
[Round "4"]
[White "Girard, Robin"]
[Black "Beaudoin, Stephane"]
[Result "1/2-1/2"]
[WhiteElo "2250"]
[BlackElo "1990"]
[PlyCount "125"]
[EventDate "2002.11.18"]
[EventType "swiss"]
[EventRounds "5"]
[EventCountry "CAN"]

1. e4 g6 2. d4 Bg7 3. Nc3 d6 4. f4 Nf6 5. Nf3 O-O 6. Bd3 Na6 7. O-O c5 8. d5
Ng4 9. Qe1 Nb4 10. a3 Nxd3 11. cxd3 e6 12. h3 Nh6 13. Ng5 exd5 14. Nxd5 f6 15.
Nf3 f5 16. Ng5 Nf7 17. Bd2 Nxg5 18. fxg5 Bxb2 19. Bc3 Bxc3 20. Qxc3 Qxg5 21.
exf5 Bxf5 22. Rae1 Rf7 23. Qb3 Kg7 24. Qb2+ Kg8 25. Rf4 Raf8 26. h4 Qd8 27. Qb3
Kg7 28. Qc3+ Kg8 29. Ref1 h5 30. R1f3 g5 31. hxg5 Qxg5 32. Kf2 Kh7 33. Qa1 Kg6
34. Qe1 Bg4 35. Qe4+ Kg7 36. Rxf7+ Rxf7 37. Rxf7+ Kxf7 38. Nf4 d5 39. Nxd5 Qf5+
40. Qxf5+ Bxf5 41. Ke3 Kg6 42. a4 b6 43. d4 cxd4+ 44. Kxd4 Bd7 45. a5 b5 46.
Kc5 Kg5 47. Nc7 b4 48. Kxb4 Bc6 49. g3 Kg4 50. Nb5 Bxb5 51. Kxb5 Kxg3 52. Ka6
h4 53. Kxa7 h3 54. Kb8 h2 55. a6 h1=Q 56. a7 Qb1+ 57. Ka8 Qe4+ 58. Kb8 Qb4+ 59.
Ka8 Qf8+ 60. Kb7 Qe7+ 61. Kb8 Qd8+ 62. Kb7 Qd7+ 63. Kb8 1/2-1/2

[Event "Millenium"]
[Site "Quebec CAN"]
[Date "2002.12.09"]
[Round "4"]
[White "Glode, Martin"]
[Black "Sauve, Richard"]
[Result "1/2-1/2"]
[WhiteElo "1929"]
[BlackElo "1949"]
[PlyCount "94"]
[EventDate "2002.11.18"]
[EventType "swiss"]
[EventRounds "5"]
[EventCountry "CAN"]

1. e4 e6 2. d4 d5 3. Nc3 Nf6 4. Bg5 Bb4 5. e5 h6 6. Be3 Ne4 7. Qg4 Kf8 8. a3
Bxc3+ 9. bxc3 c5 10. Bd3 Qa5 11. Ne2 cxd4 12. Bxd4 Nc6 13. O-O Nc5 14. Rfb1 a6
15. Nc1 Nxd3 16. cxd3 h5 17. Qf4 Kg8 18. Nb3 Qc7 19. Qe3 Rh6 20. Nc5 Rb8 21.
Na4 Bd7 22. Bb6 Qxe5 23. Qxe5 Nxe5 24. Bc7 Rc8 25. Bxe5 Bxa4 26. Rxb7 Bb5 27.
Rd1 f6 28. Rb8 Rxb8 29. Bxb8 Rg6 30. f4 Kf7 31. Kf2 Rh6 32. Bd6 Rh8 33. d4 Rc8
34. Bb4 Kg6 35. Kf3 Kf5 36. g3 Rc7 37. h3 g5 38. g4+ Kg6 39. gxh5+ Kxh5 40. Re1
Rc6 41. Re3 Bf1 42. fxg5 Kxg5 43. Kf2 Bb5 44. Rg3+ Kh6 45. Bf8+ Kh5 46. Be7 f5
47. Rg5+ Kh6 1/2-1/2

[Event "Millenium"]
[Site "Quebec CAN"]
[Date "2002.12.16"]
[Round "5"]
[White "Beaudoin, Stephane"]
[Black "Sauve, Richard"]
[Result "0-1"]
[WhiteElo "1990"]
[BlackElo "1949"]
[PlyCount "144"]
[EventDate "2002.11.18"]
[EventType "swiss"]
[EventRounds "5"]
[EventCountry "CAN"]

1. e4 e6 2. d4 d5 3. Nc3 Nf6 4. Bg5 Bb4 5. e5 h6 6. exf6 hxg5 7. fxg7 Rg8 8. h4
Nc6 9. h5 Rxg7 10. h6 Rh7 11. Qd3 Rh8 12. O-O-O Qf6 13. Nb5 Ba5 14. Qg3 Bd7 15.
Nf3 Rxh6 16. Bd3 O-O-O 17. Qxg5 Qxg5+ 18. Nxg5 Rxh1 19. Rxh1 a6 20. Na3 Nxd4
21. Nxf7 Rf8 22. Ne5 c5 23. c3 Nf5 24. g4 Nd6 25. Rh7 Be8 26. g5 c4 27. Be2 Bd8
28. g6 Bf6 29. g7 Rg8 30. Ng4 Bxg7 31. f4 Bg6 32. Rh2 Rf8 33. Ne5 Bf5 34. b3
cxb3 35. axb3 Ne4 36. c4 Nc3 37. Bf3 Be4 38. Bg4 Rxf4 39. Bxe6+ Kc7 40. Ng4
Rf1+ 41. Kd2 d4 42. Nf2 Be5 43. Nxe4 Bxh2 44. Nxc3 dxc3+ 45. Kxc3 Rf3+ 46. Kc2
Bd6 47. Nb1 Bb4 48. Kb2 Rf2+ 49. Kc1 b6 50. Bd5 a5 51. Be4 Kd6 52. Bc2 Ke5 53.
Bg6 Kd4 54. Bc2 Rf1+ 55. Kb2 Rf3 56. Na3 Bxa3+ 57. Kxa3 Kc3 58. Be4 Rf2 59. Bd5
Rb2 60. c5 bxc5 61. Bc4 Rb1 62. Ka4 Ra1+ 63. Kb5 Kd4 64. Bf7 Ra3 65. Bg8 Kc3
66. Be6 Rxb3+ 67. Kxa5 c4 68. Ka4 Rb8 69. Bd5 Kd4 70. Bf7 c3 71. Bg6 Kc4 72.
Be4 c2 0-1

[Event "Millenium"]
[Site "Quebec CAN"]
[Date "2002.12.16"]
[Round "5"]
[White "Cote, Jocelyn"]
[Black "Girard, Robin"]
[Result "0-1"]
[WhiteElo "1859"]
[BlackElo "2250"]
[PlyCount "72"]
[EventDate "2002.11.18"]
[EventType "swiss"]
[EventRounds "5"]
[EventCountry "CAN"]

1. d4 Nf6 2. c4 g6 3. Nc3 Bg7 4. e4 d6 5. Nf3 O-O 6. Be2 e5 7. d5 a5 8. O-O Na6
9. Ne1 Nc5 10. f3 Nh5 11. Be3 f5 12. Nd3 Nxd3 13. Bxd3 f4 14. Bf2 g5 15. c5 Nf6
16. cxd6 cxd6 17. Rc1 g4 18. Nb5 gxf3 19. Nc7 fxg2 20. Nxa8 gxf1=Q+ 21. Qxf1
Ng4 22. Nb6 Bd7 23. Nxd7 Qxd7 24. Qh3 Rf6 25. Be2 Rg6 26. Bg3 fxg3 27. hxg3 Bf6
28. Rc3 Bd8 29. Rb3 a4 30. Rb4 Qc7 31. Bxg4 Qc5+ 32. Kf1 Qxb4 33. Be6+ Kg7 34.
Bf5 Qb5+ 35. Kg1 Bb6+ 36. Kh1 Rh6 0-1

[Event "Millenium"]
[Site "Quebec CAN"]
[Date "2002.12.16"]
[Round "5"]
[White "Plante, Rejean"]
[Black "Glode, Martin"]
[Result "1/2-1/2"]
[WhiteElo "2173"]
[BlackElo "1929"]
[PlyCount "136"]
[EventDate "2002.11.18"]
[EventType "swiss"]
[EventRounds "5"]
[EventCountry "CAN"]

1. c4 e6 2. g3 d5 3. Bg2 c6 4. Nf3 Nf6 5. O-O Bd6 6. d4 Nbd7 7. Nc3 O-O 8. Qc2
dxc4 9. Rd1 Qe7 10. Ng5 h6 11. Nge4 Bc7 12. Nxf6+ Nxf6 13. e4 e5 14. d5 Rd8 15.
dxc6 Rxd1+ 16. Nxd1 Qc5 17. cxb7 Bxb7 18. Be3 Qc6 19. Nc3 Ng4 20. Bd2 Bb6 21.
Be1 Nf6 22. Rc1 Rd8 23. Qe2 Ba6 24. Nd5 Nxd5 25. exd5 Qd6 26. Bc3 f6 27. Qe4
Qc5 28. Rc2 Bb7 29. Qf5 Bxd5 30. Bxd5+ Rxd5 31. Qe6+ Kf8 32. Kg2 Rd6 33. Qf5
Qc6+ 34. f3 Qc5 35. Kh3 Kf7 36. Qh5+ Kg8 37. Qg4 Kf7 38. Be1 Qd4 39. Rxc4 Qxg4+
40. Kxg4 Rd4+ 41. Rxd4 Bxd4 42. b3 g6 43. Bd2 f5+ 44. Kh3 g5 45. Kg2 e4 46.
fxe4 fxe4 47. Kf1 Ke6 48. Ke2 a6 49. Be3 Bc3 50. g4 Kd5 51. Bb6 Be5 52. h3 Bf4
53. Bd8 Be5 54. Be7 Bg7 55. a4 Ke6 56. Bc5 Kd5 57. Ba3 Ke6 58. Bc1 Kd5 59. Bd2
Be5 60. Be3 Bc3 61. h4 gxh4 62. Bxh6 h3 63. Kf2 Bd4+ 64. Kg3 h2 65. Kxh2 e3 66.
Kg2 Ke4 67. Kf1 Kf3 68. Bxe3 Bxe3 1/2-1/2

[Event "Montcalm I 2002-03"]
[Site "Quebec CAN"]
[Date "2002.09.12"]
[Round "1"]
[White "Bourassa, Andre"]
[Black "Leblanc, Albini"]
[Result "1-0"]
[WhiteElo "1692"]
[BlackElo "1160"]
[PlyCount "59"]
[EventDate "2002.09.12"]
[EventType "tourn"]
[EventRounds "5"]
[EventCountry "CAN"]

1. d4 d5 2. c4 Nf6 3. Nc3 dxc4 4. e4 e6 5. Bxc4 Bb4 6. Qd3 O-O 7. Bg5 Be7 8.
Nge2 Nbd7 9. O-O c6 10. f4 Ng4 11. Bxe7 Qxe7 12. Qh3 Ngf6 13. Bd3 h6 14. e5 Nd5
15. Rf3 f5 16. Rg3 Kh7 17. Qh5 Qf7 18. Qf3 g6 19. h4 h5 20. Rg5 Kh6 21. Ng3 Rg8
22. Be2 Nf8 23. Nh1 b5 24. Nxd5 exd5 25. Qe3 Ne6 26. Rg3 Qe7 27. Rh3 Qb4 28.
Rd1 Qxb2 29. Ng3 Qxa2 30. Bxh5 1-0

[Event "Montcalm I 2002-03"]
[Site "Quebec CAN"]
[Date "2002.09.12"]
[Round "1"]
[White "Fecteau, Martin"]
[Black "Dussault, Jean-Charles"]
[Result "1/2-1/2"]
[WhiteElo "2061"]
[BlackElo "1376"]
[PlyCount "85"]
[EventDate "2002.09.12"]
[EventType "tourn"]
[EventRounds "5"]
[EventCountry "CAN"]

1. d4 Nf6 2. c4 c5 3. d5 b5 4. cxb5 a6 5. e3 g6 6. Nc3 Bg7 7. Bc4 d6 8. Nge2
O-O 9. O-O axb5 10. Bxb5 e6 11. dxe6 fxe6 12. e4 Ne8 13. a3 Nc7 14. Bc4 Nc6 15.
Rb1 Ne5 16. Bb3 Ba6 17. Bc2 d5 18. exd5 exd5 19. f4 Nc6 20. Rf3 Nd4 21. Nxd4
Bxd4+ 22. Kh1 Bg7 23. Bd3 c4 24. Bf1 d4 25. Ne2 Bb7 26. Rg3 Be4 27. Ra1 d3 28.
Nc3 Bf5 29. Bd2 Nd5 30. Qf3 Nxc3 31. Bxc3 Bxc3 32. bxc3 Qf6 33. Qd5+ Be6 34.
Qe5 Qxe5 35. fxe5 Rad8 36. Kg1 Rf5 37. Re3 Rdf8 38. h3 Rf2 39. Ree1 Rc2 40.
Rec1 Rff2 41. a4 Rxc1 42. Rxc1 Rc2 43. Ra1 1/2-1/2

[Event "Montcalm I 2002-03"]
[Site "Quebec CAN"]
[Date "2002.09.12"]
[Round "1"]
[White "Navarro, Philippe"]
[Black "Audet-Bouchard, Nicolas"]
[Result "1-0"]
[WhiteElo "1384"]
[BlackElo "2027"]
[PlyCount "51"]
[EventDate "2002.09.12"]
[EventType "tourn"]
[EventRounds "5"]
[EventCountry "CAN"]

1. e4 c5 2. d4 cxd4 3. c3 dxc3 4. Nxc3 a6 5. Bc4 e6 6. Bf4 d6 7. Nf3 b5 8. Bb3
Bb7 9. O-O Be7 10. Rc1 b4 11. Na4 Bxe4 12. Qd4 Nf6 13. Nb6 Bxf3 14. Rc8 e5 15.
Bxe5 Qxc8 16. Nxc8 dxe5 17. Qxe5 Nc6 18. Nd6+ Kf8 19. Qf4 Bh5 20. g4 Bg6 21. h4
h6 22. h5 Rd8 23. Rd1 Bh7 24. Rd2 g5 25. hxg6 fxg6 26. Qxh6# 1-0

[Event "Montcalm I 2002-03"]
[Site "Quebec CAN"]
[Date "2002.09.19"]
[Round "2"]
[White "Bender, Karl"]
[Black "Auger, Bertrand"]
[Result "0-1"]
[WhiteElo "1692"]
[BlackElo "2034"]
[PlyCount "52"]
[EventDate "2002.09.12"]
[EventType "tourn"]
[EventRounds "5"]
[EventCountry "CAN"]

1. d4 d5 2. Nf3 e6 3. Nbd2 Nf6 4. c4 b6 5. cxd5 exd5 6. e3 Be7 7. b3 O-O 8. Bd3
Bb7 9. Bb2 Nbd7 10. O-O Re8 11. Rc1 Bd6 12. Bb5 Rc8 13. Bd3 Ne4 14. g3 Qf6 15.
Kg2 Re7 16. Bb1 Ba6 17. Re1 Rce8 18. Nxe4 dxe4 19. Nd2 Nf8 20. Nc4 Bb4 21. Bc3
Bxc3 22. Rxc3 c5 23. f4 exf3+ 24. Qxf3 Bb7 25. e4 cxd4 26. Qxf6 gxf6 0-1

[Event "Montcalm I 2002-03"]
[Site "Quebec CAN"]
[Date "2002.09.19"]
[Round "2"]
[White "Boudreau, Daniel"]
[Black "Berube, Antoine"]
[Result "1-0"]
[WhiteElo "1981"]
[BlackElo "1617"]
[PlyCount "55"]
[EventDate "2002.09.12"]
[EventType "tourn"]
[EventRounds "5"]
[EventCountry "CAN"]

1. e4 c5 2. Nc3 d6 3. g3 Nc6 4. Bg2 Nf6 5. d3 g6 6. h3 Bg7 7. Be3 O-O 8. Qd2 a6
9. Bh6 b5 10. Bxg7 Kxg7 11. e5 Bb7 12. exf6+ exf6 13. Nge2 b4 14. Nd5 Ne7 15.
c4 bxc3 16. Nexc3 Qa5 17. Ne3 Bxg2 18. Nxg2 d5 19. O-O Rab8 20. Rfe1 Nc6 21.
Qf4 Nb4 22. Rad1 Rfd8 23. Ne3 Nc2 24. Ng4 Rb6 25. Qh6+ Kg8 26. Nxd5 Qxe1+ 27.
Rxe1 Nxe1 28. Ndxf6+ 1-0

[Event "Montcalm I 2002-03"]
[Site "Quebec CAN"]
[Date "2002.09.19"]
[Round "2"]
[White "Girard, Robin"]
[Black "Bourassa, Andre"]
[Result "1-0"]
[WhiteElo "2213"]
[BlackElo "1692"]
[PlyCount "55"]
[EventDate "2002.09.12"]
[EventType "tourn"]
[EventRounds "5"]
[EventCountry "CAN"]

1. e4 c5 2. Nf3 d6 3. d4 cxd4 4. Nxd4 Nf6 5. Nc3 a6 6. a4 b6 7. f4 Bb7 8. Bd3
Nbd7 9. O-O Nc5 10. Qe1 e5 11. Nf3 Qc7 12. Kh1 Be7 13. Qg3 Bxe4 14. Nxe4 Ncxe4
15. Bxe4 Nxe4 16. Qxg7 Bf6 17. Qh6 O-O-O 18. Be3 Rdg8 19. Qh3+ Kb8 20. c3 exf4
21. Bxf4 Be5 22. Bxe5 dxe5 23. Qf5 Nc5 24. Qxe5 Nd3 25. Qxc7+ Kxc7 26. Rab1 Rg4
27. Nd4 Rf8 28. Ne6+ 1-0

[Event "Montcalm I 2002-03"]
[Site "Quebec CAN"]
[Date "2002.09.26"]
[Round "3"]
[White "Auger, Bertrand"]
[Black "Martineau, Michel"]
[Result "0-1"]
[WhiteElo "2034"]
[BlackElo "1813"]
[PlyCount "60"]
[EventDate "2002.09.12"]
[EventType "tourn"]
[EventRounds "5"]
[EventCountry "CAN"]

1. d4 g6 2. c4 Bg7 3. g3 d6 4. Bg2 e5 5. dxe5 dxe5 6. Qc2 Ne7 7. Nf3 O-O 8. O-O
c5 9. Nc3 Nbc6 10. Rd1 Nd4 11. Nxd4 cxd4 12. b3 Bf5 13. Ne4 Qc7 14. Ba3 Rfd8
15. Qd2 Bxe4 16. Bxe4 f5 17. Bg2 e4 18. Rac1 Nc6 19. f4 d3 20. e3 a5 21. g4 Nb4
22. Bxb4 axb4 23. Qxb4 Rxa2 24. Rd2 Bf8 25. Qc3 Rxd2 26. Qxd2 Qb6 27. gxf5 gxf5
28. Bh3 Bc5 29. Re1 Bb4 30. Qg2+ Kf7 0-1

[Event "Montcalm I 2002-03"]
[Site "Quebec CAN"]
[Date "2002.09.26"]
[Round "3"]
[White "Bourassa, Andre"]
[Black "Duchesneau, Alain"]
[Result "1-0"]
[WhiteElo "1692"]
[BlackElo "1377"]
[PlyCount "69"]
[EventDate "2002.09.12"]
[EventType "tourn"]
[EventRounds "5"]
[EventCountry "CAN"]

1. d4 c5 2. d5 d6 3. c4 g6 4. e4 Bg7 5. Bd3 Nf6 6. Ne2 Nbd7 7. O-O O-O 8. Nbc3
a6 9. Qc2 Ne5 10. f4 Nxd3 11. Qxd3 b5 12. b3 b4 13. e5 dxe5 14. Na4 e4 15. Qd1
Nxd5 16. Rb1 Nf6 17. Be3 Bg4 18. Kf2 Qc7 19. Nxc5 Rfd8 20. Qc2 Bxe2 21. Qxe2 e5
22. fxe5 Qxe5 23. Kg1 Rac8 24. Nxa6 Rd3 25. Nxb4 Rxe3 26. Qxe3 Ng4 27. Qf4 Qc5+
28. Kh1 f5 29. h3 Be5 30. Qd2 e3 31. Qd5+ Qxd5 32. Nxd5 Re8 33. hxg4 e2 34.
Rfe1 Bg3 35. Nf6+ 1-0

[Event "Montcalm I 2002-03"]
[Site "Quebec CAN"]
[Date "2002.09.26"]
[Round "3"]
[White "Godbout, Mathieu"]
[Black "Boudreau, Daniel"]
[Result "0-1"]
[WhiteElo "1751"]
[BlackElo "1981"]
[PlyCount "98"]
[EventDate "2002.09.12"]
[EventType "tourn"]
[EventRounds "5"]
[EventCountry "CAN"]

1. c4 b6 2. Nc3 Bb7 3. d4 e6 4. a3 f5 5. Nf3 Nf6 6. g3 Be7 7. Bg2 O-O 8. O-O a5
9. Bf4 d6 10. b3 Nbd7 11. Ng5 Bxg2 12. Nxe6 Qc8 13. Kxg2 Re8 14. Qd3 Nf8 15.
Nxf8 Bxf8 16. d5 Qd7 17. Rad1 g6 18. Nb5 Bg7 19. Nd4 Ne4 20. h4 Be5 21. f3 Nc5
22. Qc2 Bxf4 23. gxf4 Qe7 24. Rh1 Nd7 25. Qd2 Nf6 26. h5 Nxh5 27. Rdg1 Ng7 28.
Rh2 Qe3 29. Qxe3 Rxe3 30. Rgh1 Nh5 31. Kf2 Rc3 32. Rxh5 gxh5 33. Rxh5 a4 34.
bxa4 Rxc4 35. Nxf5 Rxf4 36. e4 Rxa4 37. Ke3 Rxf5 38. Rxf5 Rxa3+ 39. Kd4 Kg7 40.
Kc4 Kg6 41. Kd4 h5 42. f4 h4 43. Rg5+ Kf6 44. Rh5 Rh3 45. Rh7 Rh1 46. Rxc7 h3
47. Rc2 h2 48. Rd2 b5 49. e5+ Ke7 0-1

[Event "Montcalm I 2002-03"]
[Site "Quebec CAN"]
[Date "2002.09.26"]
[Round "3"]
[White "Sauve, Richard"]
[Black "Girard, Robin"]
[Result "1/2-1/2"]
[WhiteElo "1953"]
[BlackElo "2213"]
[PlyCount "146"]
[EventDate "2002.09.12"]
[EventType "tourn"]
[EventRounds "5"]
[EventCountry "CAN"]

1. d4 Nf6 2. c4 g6 3. Nc3 Bg7 4. e4 d6 5. f3 O-O 6. Be3 e5 7. d5 Nh5 8. Qd2
Qh4+ 9. Bf2 Qe7 10. O-O-O f5 11. exf5 gxf5 12. Nh3 Na6 13. Bd3 Bd7 14. Rhg1 Nc5
15. Bc2 a5 16. Rde1 Rae8 17. g4 fxg4 18. fxg4 Nf4 19. Nxf4 Rxf4 20. Qxf4 exf4
21. Rxe7 Rxe7 22. h3 Be8 23. Re1 Be5 24. Bh4 Rf7 25. Ne4 Nxe4 26. Bxe4 Bd7 27.
Bf3 Rf8 28. b3 Be8 29. Be7 Rf7 30. Bd8 b6 31. Kd2 Kg7 32. g5 Kf8 33. Bh5 Rd7
34. Bxe8 Rxd8 35. Bh5 Kg7 36. Bf3 Re8 37. Kd3 h6 38. gxh6+ Kxh6 39. Rg1 Bf6 40.
Be4 Bg5 41. Rg4 Kh5 42. Rg1 Rf8 43. Bf3+ Kh6 44. Re1 Bf6 45. Re6 Kg5 46. Ke4
Rf7 47. Re8 Be5 48. Re6 Bf6 49. Bg4 Rf8 50. Kf3 a4 51. b4 Bc3 52. b5 Bf6 53.
Kf2 a3 54. Bd1 Rh8 55. Bg4 Bd4+ 56. Kg2 Ra8 57. Bd1 Rg8 58. Bg4 Rg7 59. Kf3 Rg8
60. Kg2 Ra8 61. Bd1 f3+ 62. Bxf3 Ra4 63. h4+ Kf5 64. Be4+ Kf4 65. Bd3 Be5 66.
h5 Rb4 67. h6 Rb2+ 68. Kh3 Rxa2 69. Rxe5 dxe5 70. h7 Ra1 71. Kg2 Ra2+ 72. Kh3
Ra1 73. Kg2 Ra2+ 1/2-1/2

[Event "Montcalm I 2002-03"]
[Site "Quebec CAN"]
[Date "2002.10.04"]
[Round "4"]
[White "Leroux, Alexis"]
[Black "Sauve, Richard"]
[Result "1/2-1/2"]
[WhiteElo "1520"]
[BlackElo "1953"]
[PlyCount "80"]
[EventDate "2002.09.12"]
[EventType "tourn"]
[EventRounds "5"]
[EventCountry "CAN"]

1. e4 e6 2. d4 d5 3. Nc3 Nf6 4. e5 Nfd7 5. Nf3 c5 6. Bf4 Nc6 7. Bb5 a6 8. Bxc6
bxc6 9. dxc5 Bxc5 10. O-O O-O 11. Ng5 Nxe5 12. Qh5 h6 13. Nxe6 Bxe6 14. Bxe5
Qg5 15. Qxg5 hxg5 16. Na4 Ba7 17. Bd6 Rfe8 18. Rfe1 Bf5 19. c3 Rac8 20. Bc5
Bxc5 21. Nxc5 a5 22. Rxe8+ Rxe8 23. Kf1 Rb8 24. b3 Rb5 25. Na4 Kf8 26. Re1 g4
27. f3 gxf3 28. gxf3 Rb8 29. Nc5 Rb5 30. Na4 Bc8 31. Kf2 Rb7 32. Nc5 Re7 33.
Rd1 Re5 34. Rd4 Rh5 35. Kg3 Rg5+ 36. Kf2 Bh3 37. Ra4 Rg2+ 38. Ke3 Rc2 39. Rxa5
Rxc3+ 40. Kf2 Bf5 1/2-1/2

[Event "Montcalm I 2002-03"]
[Site "Quebec CAN"]
[Date "2002.10.03"]
[Round "4"]
[White "Robitaille, Denis"]
[Black "Fecteau, Martin"]
[Result "1-0"]
[WhiteElo "1794"]
[BlackElo "2061"]
[PlyCount "93"]
[EventDate "2002.09.12"]
[EventType "tourn"]
[EventRounds "5"]
[EventCountry "CAN"]

1. Nf3 d5 2. g3 Nf6 3. Bg2 e6 4. c4 c6 5. O-O Bd6 6. d4 Nbd7 7. Nc3 O-O 8. Re1
dxc4 9. e4 Be7 10. Qe2 Nb6 11. Rd1 Qe8 12. Ne5 Bd7 13. Nxc4 Nxc4 14. Qxc4 b5
15. Qd3 a5 16. Bg5 h6 17. Bxf6 Bxf6 18. e5 Be7 19. Qe3 Rd8 20. Ne4 Bc8 21. Rac1
Bb7 22. Nc5 Ba8 23. Be4 Kh8 24. f4 Rg8 25. Bc2 Rc8 26. Qe4 g6 27. Qe1 Qd8 28.
Bb3 a4 29. Bc2 Qd5 30. Bb1 Qd8 31. Be4 Qb6 32. Qf2 Qa7 33. b4 Rc7 34. Rd3 Bb7
35. Qg2 Bxc5 36. dxc5 Qb8 37. Rd6 Qe8 38. Rcd1 Kg7 39. R1d3 h5 40. Qd2 Bc8 41.
Rd8 Qe7 42. Rxg8+ Kxg8 43. Rd8+ Kg7 44. Qd6 Bb7 45. Kg2 Kh6 46. Re8 Qd7 47.
Qf8+ 1-0

[Event "Montcalm I 2002-03"]
[Site "Quebec CAN"]
[Date "2002.10.10"]
[Round "5"]
[White "Audet-Bouchard, Nicolas"]
[Black "Perreault, Jacquelin"]
[Result "1-0"]
[WhiteElo "2027"]
[BlackElo "1726"]
[PlyCount "57"]
[EventDate "2002.09.12"]
[EventType "tourn"]
[EventRounds "5"]
[EventCountry "CAN"]

1. e4 c5 2. Nf3 d6 3. d4 cxd4 4. Nxd4 Nf6 5. Nc3 a6 6. f4 Nbd7 7. Qf3 e5 8. Nb3
b5 9. a3 Bb7 10. Be2 Be7 11. O-O O-O 12. g4 d5 13. exd5 e4 14. Qh3 Rc8 15. g5
Nxd5 16. Nxe4 Qb6+ 17. Rf2 Rxc2 18. Bd3 Rxc1+ 19. Rxc1 Nxf4 20. Qxd7 Bxe4 21.
Bxe4 Ne2+ 22. Kg2 Nxc1 23. Nxc1 Bxg5 24. Nd3 Qe3 25. Qf5 g6 26. Qf3 Qd4 27. Nf4
Bh4 28. Rc2 Re8 29. Bd5 1-0

[Event "Montcalm I 2002-03"]
[Site "Quebec CAN"]
[Date "2002.10.10"]
[Round "5"]
[White "Girard, Robin"]
[Black "Robitaille, Denis"]
[Result "1-0"]
[WhiteElo "2213"]
[BlackElo "1794"]
[PlyCount "45"]
[EventDate "2002.09.12"]
[EventType "tourn"]
[EventRounds "5"]
[EventCountry "CAN"]

1. e4 g6 2. d4 Bg7 3. Nc3 d6 4. f4 a6 5. a4 Nf6 6. Nf3 c5 7. d5 O-O 8. Bc4 Bg4
9. h3 Bxf3 10. Qxf3 Nbd7 11. O-O Ne8 12. Bd2 Nb6 13. Be2 Rc8 14. a5 Nd7 15. Bc4
f5 16. exf5 gxf5 17. Kh1 Nc7 18. Qe2 Qe8 19. Rae1 Bf6 20. g4 Bh4 21. Ra1 Qf7
22. Bd3 Kh8 23. Bxf5 1-0

[Event "Montcalm I 2002-03"]
[Site "Quebec CAN"]
[Date "2002.10.10"]
[Round "5"]
[White "Godbout, Mathieu"]
[Black "Auger, Bertrand"]
[Result "0-1"]
[WhiteElo "1751"]
[BlackElo "2034"]
[PlyCount "69"]
[EventDate "2002.09.12"]
[EventType "tourn"]
[EventRounds "5"]
[EventCountry "CAN"]

1. c4 b6 2. Nc3 Bb7 3. d4 Nf6 4. Nf3 e6 5. a3 Be7 6. e3 d6 7. Bd3 Nbd7 8. O-O
O-O 9. Qe2 c5 10. e4 cxd4 11. Nxd4 Ne5 12. Bb1 Rc8 13. Ba2 Qc7 14. b3 d5 15.
exd5 exd5 16. Ncb5 Qb8 17. Bf4 Nfd7 18. cxd5 Bxd5 19. Rad1 Bc5 20. Nf5 Be6 21.
Nbd4 Bxf5 22. Nxf5 Rfe8 23. Qb2 Bxa3 24. Qxa3 Nf3+ 25. gxf3 Qxf4 26. Rxd7 Qxf5
27. Qd6 Qxf3 28. Qg3 Qe2 29. Bb1 g6 30. Rfd1 Kg7 31. Qd3 Qg4+ 32. Kf1 Qe6 33.
Qd4+ Kg8 34. Ba2 Qe2+ 35. Kg1 0-1

[Event "Montcalm I 2002-03"]
[Site "Quebec CAN"]
[Date "2002.10.10"]
[Round "5"]
[White "Sauve, Richard"]
[Black "Bourassa, Andre"]
[Result "1-0"]
[WhiteElo "1953"]
[BlackElo "1692"]
[PlyCount "55"]
[EventDate "2002.09.12"]
[EventType "tourn"]
[EventRounds "5"]
[EventCountry "CAN"]

1. d4 d5 2. c4 e6 3. Nc3 c6 4. Nf3 Nf6 5. e3 Bd6 6. Bd3 dxc4 7. Bxc4 Nd5 8. O-O
O-O 9. e4 Nxc3 10. bxc3 Nd7 11. Be3 Kh8 12. Ng5 Be7 13. Qh5 Bxg5 14. Bxg5 f6
15. Bf4 Nb6 16. Bb3 Qe8 17. Qxe8 Rxe8 18. Rad1 Bd7 19. Rd2 Rac8 20. Rfd1 Kg8
21. Be3 Na8 22. c4 a6 23. h3 Nc7 24. d5 e5 25. a4 Kf7 26. c5 Kf8 27. Rb2 g6 28.
Bh6+ 1-0

[Event "Montcalm II 2002-03"]
[Site "Quebec CAN"]
[Date "2002.10.17"]
[Round "1"]
[White "Auger, Bertrand"]
[Black "Boudreau, Daniel"]
[Result "1-0"]
[WhiteElo "2021"]
[BlackElo "1992"]
[PlyCount "25"]
[EventDate "2002.10.17"]
[EventType "tourn"]
[EventRounds "5"]
[EventCountry "CAN"]

1. d4 Nf6 2. g3 g6 3. Bg2 Bg7 4. Nf3 O-O 5. O-O d6 6. b3 c5 7. c4 Qc7 8. Bb2
cxd4 9. Nxd4 a6 10. Nc3 Nc6 11. Rc1 Nxd4 12. Qxd4 Ng4 13. Qxg7+ 1-0

[Event "Montcalm II 2002-03"]
[Site "Quebec CAN"]
[Date "2002.10.17"]
[Round "1"]
[White "Grant, James"]
[Black "Bourassa, Andre"]
[Result "1-0"]
[WhiteElo "1492"]
[BlackElo "1695"]
[PlyCount "89"]
[EventDate "2002.10.17"]
[EventType "tourn"]
[EventRounds "5"]
[EventCountry "CAN"]

1. d4 d5 2. c4 e6 3. Nc3 c6 4. Nf3 Bd6 5. e3 b6 6. Bd3 dxc4 7. Bxc4 Ne7 8. O-O
O-O 9. Re1 Ng6 10. Bd2 Na6 11. a3 c5 12. Qa4 Nc7 13. dxc5 Bxc5 14. Rad1 Bd7 15.
Qc2 Bc6 16. Bc1 Qe7 17. e4 Rfd8 18. b4 Rxd1 19. Rxd1 Bd6 20. Ne2 Rd8 21. Bd3
Qd7 22. Qc3 Ba4 23. Bb2 Ne8 24. Rd2 Bf4 25. Nxf4 Nxf4 26. Bf1 Qe7 27. Rxd8 Qxd8
28. g3 Ng6 29. b5 Qc7 30. Qd4 Bb3 31. Qd3 Ba2 32. a4 e5 33. Ba3 f6 34. Nd2 Be6
35. Nc4 Nf8 36. Ne3 Nd7 37. Nd5 Qb8 38. Ne7+ Kf7 39. Nc6 Qc7 40. Qc3 Nb8 41.
Bc4 Nd6 42. Bxe6+ Kxe6 43. Qb3+ Kd7 44. Bxd6 Kxd6 45. Qd5# 1-0

[Event "Montcalm II 2002-03"]
[Site "Quebec CAN"]
[Date "2002.10.17"]
[Round "1"]
[White "Martineau, Michel"]
[Black "Audet-Bouchard, Nicolas"]
[Result "0-1"]
[WhiteElo "1865"]
[BlackElo "2005"]
[PlyCount "60"]
[EventDate "2002.10.17"]
[EventType "tourn"]
[EventRounds "5"]
[EventCountry "CAN"]

1. d4 Nf6 2. Nc3 g6 3. e4 d6 4. f4 Bg7 5. Nf3 c5 6. dxc5 Qa5 7. Qd3 Nc6 8. Qb5
dxc5 9. Be3 Qc7 10. Nd5 Qb8 11. Nxf6+ Bxf6 12. e5 Bg7 13. Bxc5 O-O 14. Be2 Bd7
15. Bxe7 Nxe5 16. Qxe5 Bxe5 17. Nxe5 Re8 18. Nxd7 Qxf4 19. Nf6+ Kg7 20. Nxe8+
Rxe8 21. Rf1 Qxh2 22. Bf6+ Kf8 23. Rd1 Qxg2 24. Rd2 h5 25. Rf2 Qg3 26. Bd4 Re4
27. Kd1 Rxd4 28. Rxd4 Qxf2 29. c3 h4 30. Kd2 h3 0-1

[Event "Montcalm II 2002-03"]
[Site "Quebec CAN"]
[Date "2002.10.17"]
[Round "1"]
[White "Sauve, Richard"]
[Black "Fecteau, Martin"]
[Result "1/2-1/2"]
[WhiteElo "1960"]
[BlackElo "1979"]
[PlyCount "135"]
[EventDate "2002.10.17"]
[EventType "tourn"]
[EventRounds "5"]
[EventCountry "CAN"]

1. d4 Nf6 2. c4 e6 3. Nc3 Bb4 4. Qc2 c5 5. dxc5 Bxc5 6. Nf3 Nc6 7. a3 h6 8. b4
Nd4 9. Nxd4 Bxd4 10. e3 Be5 11. Bb2 O-O 12. Be2 b6 13. Bf3 Rb8 14. Nb5 Bxb2 15.
Qxb2 Bb7 16. Bxb7 Rxb7 17. Nd6 Rc7 18. O-O Ne8 19. Rfd1 Nxd6 20. Rxd6 Qc8 21.
Rc1 Rxc4 22. Rxc4 Qxc4 23. Rxd7 Rc8 24. h3 Qc1+ 25. Qxc1 Rxc1+ 26. Kh2 a5 27.
Rd8+ Kh7 28. bxa5 bxa5 29. Ra8 Rc5 30. Kg3 Kg6 31. Kf3 Kf5 32. g4+ Kf6 33. Ra7
g5 34. Ke4 Rc4+ 35. Kd3 Ra4 36. Kc2 Rxa3 37. Kb2 Ra4 38. Kb1 Kg6 39. Kb2 f5 40.
Ra6 fxg4 41. Rxe6+ Kh5 42. hxg4+ Rxg4 43. f3 Rg3 44. Rf6 g4 45. fxg4+ Rxg4 46.
Kc3 Kg5 47. Ra6 a4 48. Kd3 h5 49. Ra5+ Kg6 50. Ra6+ Kf7 51. e4 a3 52. Ke3 h4
53. Kf3 Rg3+ 54. Kf2 Rb3 55. Kg2 Kg7 56. e5 h3+ 57. Kh2 Kf7 58. Kh1 Ke7 59. Kh2
Re3 60. Kh1 Kd7 61. Kh2 Kc7 62. e6 Kd8 63. Ra7 Ke8 64. Kh1 Rxe6 65. Rxa3 Rh6
66. Kh2 Kf7 67. Rxh3 Rxh3+ 68. Kxh3 1/2-1/2